000 00386nam a2200157Ia 4500
008 151213s9999 xx 000 0 und d
100 _aW.G.Cochrail
245 _aSampling Techniques
_cW.G.Cochrail
250 _aII
260 _aNew York
_bJohn Wiley Sons. Lnc
_c1977
300 _a4212 p.
650 _aStatistics
650 _aStatistics
700 _aW.G.Cochrail
999 _c2636
_d2636